000 00827cam a22001814a 4500
005 20250605164403.0
008 250528s ||||||||||||||||||||||||d
035 _a24669
040 _aGR-AtMCL
_bgre
_dGR-AtMCL
_eAACR2
245 1 _aΌχι στη Λογική Ασφαλιστικής Μεταρρύθμισης με Δόσεις
260 _bMorax Media S.A,
_c2019
300 _a88
520 _aΠρος Ένα Νέο Συνταξιοδοτικό Μοντέλο το 2021, Facial Recognition: Μία Τεχνολογία ΑΙ χωρίς Όρια, Ποιά Είναι η Απόλυτη Μηχανή Στρατηγικού Marketing, Ασφαλίσεις Πιστώσεων... Δηλαδή:
700 1 _aΜωράκης Φίλιππος
_99500
942 _cCR
999 _c9536
_d9536